Subjetividades y territorio : repensar la coexistencia /
Guardat en:
| Altres autors: | , , , , |
|---|---|
| Format: | eBook |
| Idioma: | espanyol |
| Publicat: |
Bogotá :
Sello Editorial UNAD,
2023.
|
| Matèries: | |
| Accés en línia: | https://elibro.unach.elogim.com/es/lc/unach/titulos/288213 |
| Etiquetes: |
Afegir etiqueta
Sense etiquetes, Sigues el primer a etiquetar aquest registre!
|
MARC
| LEADER | 00000nam a2200000 i 4500 | ||
|---|---|---|---|
| 001 | ELB288213 | ||
| 003 | FINmELB | ||
| 005 | 20251205214500.0 | ||
| 006 | m o d | | ||
| 007 | cr cnu|||||||| | ||
| 008 | 251125s2023 ck o 001 0 spa d | ||
| 020 | |a 9789586519571 |q (e-book) | ||
| 035 | |a (OCoLC)1564681928 | ||
| 040 | |a FINmELB |b spa |e rda |c FINmELB | ||
| 050 | 4 | |a HN300.C6 |b S941 2023 | |
| 080 | |a 316 | ||
| 082 | 0 | 4 | |a 306.2 |2 23 |
| 245 | 0 | 0 | |a Subjetividades y territorio : |b repensar la coexistencia / |c Bernardo Hernández-Umaña, Paula Danel, Silvia Dubrovsky, Sandra Guido, Carolina Soler (editores) ; Aida Milena Cabrera, Andrés Inampués Borda, Bárbara Chavez Asencio, Bernardo Alfredo Hernández-Umaña, Carolina Soler, Claudia Marcela Rodríguez Rodríguez, Lina Johana Muñoz Cruz, Luciana Anabel Ponziani, Mariángeles Calvo, María Alejandra Bulich, María Alejandra Ramírez Galvis, Marlem Jiménez Rodríguez, Paula Mara Danel, Sandra Guido, Silvia Dubrovsky, William Felipe Hurtado Quintero. |
| 264 | 1 | |a Bogotá : |b Sello Editorial UNAD, |c 2023. | |
| 300 | |a 1 recurso en línea (188 páginas) | ||
| 336 | |a texto |b txt |2 rdacontent/spa | ||
| 337 | |a computadora |b c |2 rdamedia/spa | ||
| 338 | |a recurso en línea |b cr |2 rdacarrier/spa | ||
| 500 | |a Incluye índice. | ||
| 588 | |a Descripción basada en metadatos suministrados por el editor y otras fuentes. | ||
| 590 | |a Recurso electrónico. Santa Fe, Arg.: elibro, 2025. Disponible vía World Wide Web. El acceso puede estar limitado para las bibliotecas afiliadas a elibro. | ||
| 650 | 4 | |a Discapacidad y trabajo social. | |
| 650 | 4 | |a Jóvenes migrantes. | |
| 650 | 4 | |a Estudiantes con discapacidad intelectual. | |
| 650 | 4 | |a Educación inclusiva. | |
| 650 | 4 | |a Justicia de género. | |
| 650 | 4 | |a Pedagogías antirracistas. | |
| 650 | 4 | |a Identidad colectiva |x Aspectos sociales |z Colombia |y Siglo XXI. | |
| 650 | 4 | |a Territorio |x Aspectos sociológicos |z Colombia |y Siglo XXI. | |
| 655 | 4 | |a Libros electrónicos. | |
| 700 | 1 | |a Hernández-Umaña, Bernardo, |e editor. | |
| 700 | 1 | |a Danel, Paula, |e editora. | |
| 700 | 1 | |a Dubrovsky, Silvia, |e editora. | |
| 700 | 1 | |a Guido, Sandra, |e editora. | |
| 700 | 1 | |a Soler, Carolina, |e editora. | |
| 797 | 2 | |a elibro, Corp. | |
| 856 | 4 | 0 | |u https://elibro.unach.elogim.com/es/lc/unach/titulos/288213 |